000 00361pam a2200157a 44500
008 230515b1983 xxu||||| |||| 00| 0 eng d
020 _aNULL
041 _aENGLISH
082 _a630
100 _a7784-1983
245 _aCODE OF PARTICLES FOR DESIGN OF CROSS DRAINAGE WORKS
250 _a0
260 _aDELHI
_bISI
_c1983
300 _a23
650 _aNULL
999 _c652011
_d652011